| 000 | 00372nam a22001577a 4500 | ||
|---|---|---|---|
| 003 | NUST - PNEC | ||
| 005 | 20170116181109.0 | ||
| 008 | 151003b xxu||||| |||| 00| 0 eng d | ||
| 020 | _a- | ||
| 040 | _cLIBRARY | ||
| 082 | _a891.139 FAI | ||
| 245 | _aSelected poems of Faiz in english | ||
| 260 | _cc.1984 | ||
| 650 |
_912780 _aEnglish poems _xGeneral |
||
| 942 |
_2ddc _cBK |
||
| 999 |
_c69030 _d69030 |
||